Biblioteca y Centro de Documentación

El trabajo de hogar y de los cuidados como nicho de empleo para las mujeres inmigrantes. El caso de ecuatorianas en Zaragoza. (Registro nro. 50419)

Detalles MARC
000 -CABECERA
Longitud fija campo de control 01344naa a2200325 c 4500
001 - NÚMERO DE CONTROL
Número de control 50419
003 - IDENTIFICADOR DE NÚMERO DE CONTROL
Identificador del número de control ES-MaCES
005 - FECHA Y HORA DE LA ÚLTIMA TRANSACCIÓN
Fecha y hora de la última transacción 20171226120738.0
008 - CAMPO FIJO DE DESCRIPCIÓN FIJA--INFORMACIÓN GENERAL
Códigos de información de longitud fija   171226s sp ||||| t||||||| ||spa d
040 ## - FUENTE DE CATALOGACIÓN
Centro catalogador de origen ES-MaCES
Lengua de catalogación spa
Centro transcriptor ES-MaCES
Centro modificado ES-MaCES
100 ## - ENCABEZAMIENTO PRINCIPAL--NOMBRE PERSONAL
9 (RLIN) 38850
Nombre de persona Hernández Cordero, Ana Lucía
245 13 - MENCIÓN DE TÍTULO
Título El trabajo de hogar y de los cuidados como nicho de empleo para las mujeres inmigrantes. El caso de ecuatorianas en Zaragoza.
Mención de responsabilidad, etc. Ana Lucía Hernández Cordero, Viviana Paola Paredes Morales, Elena Luminita Tanase
500 ## - NOTA GENERAL
Nota general Resumen
504 ## - NOTA DE BIBLIOGRAFÍA, ETC.
Nota de bibliografía, etc. Bibliografía: p. 114-116
650 #4 - ASIENTO SECUNDARIO DE MATERIA--TÉRMINO DE MATERIA
9 (RLIN) 28632
Término de materia o nombre geográfico como elemento inicial inmigración
650 #4 - ASIENTO SECUNDARIO DE MATERIA--TÉRMINO DE MATERIA
9 (RLIN) 28431
Término de materia o nombre geográfico como elemento inicial trabajador doméstico
650 #4 - ASIENTO SECUNDARIO DE MATERIA--TÉRMINO DE MATERIA
9 (RLIN) 28408
Término de materia o nombre geográfico como elemento inicial trabajador migrante
650 #4 - ASIENTO SECUNDARIO DE MATERIA--TÉRMINO DE MATERIA
9 (RLIN) 28657
Término de materia o nombre geográfico como elemento inicial mujeres
650 #4 - ASIENTO SECUNDARIO DE MATERIA--TÉRMINO DE MATERIA
9 (RLIN) 28413
Término de materia o nombre geográfico como elemento inicial trabajadora
650 #4 - ASIENTO SECUNDARIO DE MATERIA--TÉRMINO DE MATERIA
9 (RLIN) 28846
Término de materia o nombre geográfico como elemento inicial estudio de casos
650 #4 - ASIENTO SECUNDARIO DE MATERIA--TÉRMINO DE MATERIA
9 (RLIN) 28561
Término de materia o nombre geográfico como elemento inicial latinoamericano
650 #4 - ASIENTO SECUNDARIO DE MATERIA--TÉRMINO DE MATERIA
9 (RLIN) 26870
Término de materia o nombre geográfico como elemento inicial Ecuador
650 #4 - ASIENTO SECUNDARIO DE MATERIA--TÉRMINO DE MATERIA
9 (RLIN) 29799
Término de materia o nombre geográfico como elemento inicial país de acogida
653 10 - TÉRMINO DE INDEXACIÓN--NO CONTROLADO
Término no controlado Mujer
700 ## - ENCABEZAMIENTO SECUNDARIO--NOMBRE PERSONAL
9 (RLIN) 38851
Nombre de persona Paredes Morales, Viviana Paola
700 ## - ENCABEZAMIENTO SECUNDARIO--NOMBRE PERSONAL
9 (RLIN) 38852
Nombre de persona Luminita Tanase, Elena
773 0# - ENTRADA DE DOCUMENTO FUENTE
Itemnumber del ítem fuente 86691
Lugar, editor y fecha de publicación Zaragoza Facultad de Ciencias Sociales y del Trabajo. Universidad de Zaragoza 1991-
Otro identificador del documento 089587
Título Acciones e investigaciones sociales
Número de control del registro relacionado (ES-MaCES)47744
Parte(s) relacionada(s) n. 37 (jul. 2017) {55/1143 R. 089587} ;p. 95-116
902 ## - CES. TIPO DE DOCUMENTO
Tipodoc (006$c Sirtex) ART Artículo de revista
942 ## - ELEMENTOS KOHA
Fuente de clasificaión o esquema Clasificación propia del CES
Koha [por defecto] tipo de item Artículos (1982-2017)
Parte de clasificación Asuntos Sociales

No hay ítems disponibles.

© CES, Consejo Económico y Social de España 2021